[Event "ISR-ch"]
[Site "Ramat Aviv"]
[Date "1998.11.09"]
[Round "1.2"]
[White "Shevelev, Arkady"]
[Black "Golod, Vitali"]
[Result "0-1"]
[WhiteElo "2385"]
[BlackElo "2555"]
[Annotator "Mikhalevski,V"]
[PlyCount "75"]
[EventDate "1998.11.08"]
[EventType "k.o."]
[EventRounds "5"]
[EventCountry "ISR"]
[SourceTitle "CBM 068"]
[Source "ChessBase"]
[SourceDate "1999.02.01"]
[SourceVersion "1"]
[SourceVersionDate "1999.02.01"]
[SourceQuality "1"]

1. e4 e5 2. Nf3 Nc6 3. Nc3 Nf6 4. d4 exd4 5. Nxd4 Bb4 6. Nxc6 bxc6 7. Qd4 $5 ({
White usually prefers} 7. Bd3 $5) 7... Qe7 8. e5 $2 $146 {Very dubious novelty
prepared at home and refused easily during the game.} (8. f3 $5 {is the main
line.}) (8. Bd3 $5) 8... Bc5 9. Qh4 Qxe5+ 10. Be2 Ba6 $1 ({Badly:} 10... Bd4 {
with the idea after:} 11. O-O Bxc3 12. bxc3 Qxc3 (12... Qxe2 $2 13. Ba3 {
[%csl Re2,Rf8][%cal Ga3f8,Ga1e1]} d6 14. Rfe1 Qe6 $14) 13. Bg5 $44) 11. O-O $2
({Necessary:} 11. Bf4 Qe6 12. O-O-O ({Worse is:} 12. O-O Bxe2 13. Rfe1 O-O 14.
Rxe2 Qc4 $1) 12... Bxe2 13. Rhe1 (13. Rde1 $5 O-O 14. Rxe2 Qc4 {=/+/-/+}) 13...
Bxd1 $5 14. Rxe6+ fxe6 15. Kxd1 $15) 11... Bxe2 12. Re1 O-O $17 13. Rxe2 Qf5 $5
({Good enough:} 13... Qd4 $5) (13... Qh5 $143 14. Qxh5 $5 (14. Bg5 $143 Qxh4
15. Bxh4 Bd4 $5 $17) 14... Nxh5 15. Bd2 (15. Re5 $143 Rae8 16. Rxc5 $140 $4
Re1#) 15... Rfe8 16. Rae1 Nf6 {-/+/=/+}) 14. Qg5 ({Equally} 14. Bg5 Ng4 (14...
Rfe8 $5) 15. Be7 Bxe7 16. Rxe7 Ne5 $5 {[%csl Re7,Rh4][%cal Ge5g6]} (16... Qxc2
$2 17. Qxg4 Qxb2 18. Rae1 Qxc3 19. Qxd7 $15) 17. Qe4 Qxe4 18. Nxe4 Rae8 19.
Rxe8 Rxe8 $17 {_|_}) 14... Qxg5 15. Bxg5 Rfe8 {A small inaccuracy.Black has to
work a litlle bit harder to win the game.} ({Slightly better is:} 15... Bd4 $5)
16. Bxf6 $1 ({Worse is:} 16. Rae1 Bd4 $1 (16... Rxe2 $6 17. Rxe2 Re8 18. Bxf6
Rxe2 19. Nxe2 gxf6 {-/+/=/+_|_}) 17. Bxf6 $140 $2 (17. Nd1 $142) 17... Rxe2 18.
Nxe2 (18. Rxe2 $143 Bxf6) 18... Bxf6 19. b3 $17) 16... Rxe2 17. Nxe2 gxf6 18.
Ng3 $5 {[%csl Ye2][%cal Gg3e4,Gg3f5,Yg3e2]} Re8 19. Kf1 Kg7 20. Rd1 ({Badly:} 
20. Nf5+ {because of:} Kg6 21. g4 h5 $1 22. f3 (22. h3 $143 hxg4 23. hxg4 Kg5
24. f3 Kf4 $19) 22... hxg4 $5 (22... Kg5 $5) 23. fxg4 Re4 $1 {[%csl Rg4][%cal
Ge4f4,Gf4f2]} 24. h3 $140 Rf4+ 25. Ke2 $8 Rf2+ 26. Kd3 Rh2 27. h4 Rg2 $17 {
[%csl Rg4]}) 20... d5 21. c4 $1 Rb8 $1 (21... dxc4 $6 22. Rc1 Bb4 {[%csl Rf1]}
23. f4 $1 $15) 22. cxd5 $2 {After this move black gets an absolutely winning
position.} (22. Rd2 $8 {(/\23.cxd5)} dxc4 23. Rc2 $5 (23. Ne2 $2 Ba3 $3 $19 {
[%csl Rf1]}) 23... Bd6 {[%csl Rb2][%cal Gd6e5]} 24. Nf5+ Kg6 25. Nxd6 cxd6 26.
Rxc4 c5 $17 (26... Rxb2 $2 27. Rxc6 Rxa2 28. Rxd6 {=/+_|_})) 22... Rxb2 {
[%csl Ra2,Rf2][%cal Gb2f2,Gb2a2]} 23. Rc1 {[%csl Rc5][%cal Gc1c5]} ({Loses} 23.
Ne4 {in view of:} Bb6 24. dxc6 $140 f5 25. Nd2 Rxa2 $19) 23... Rxf2+ 24. Ke1
Bb6 25. Rxc6 Rxa2 $1 $19 ({Intensifies opposition} 25... Rxg2 26. Nf5+ $1 (26.
Nh5+ $2 Kh6 27. Nxf6 Rxa2 $19) 26... Kh8 (26... Kg6 $4 27. Nh4+ $18 {[%csl Rg2,
Rg6]}) (26... Kf8 $2 27. d6 $1 {[%csl Rf8]} Ba5+ $8 (27... Rg5 $4 28. d7 Ba5+
29. Ke2 Rg2+ 30. Ke3 Rd2 31. Rc5 {[%csl Ra5,Rd2][%cal Ya5d2,Gc5a5]} Rxd7 (31...
Bb4 $2 32. Rxc7 $18) 32. Rxa5 $18) 28. Kf1 $1 (28. Kd1 $2 Rd2+ 29. Kc1 Rd5 {
[%csl Rd6,Rf5][%cal Gd5f5,Yf5d6,Gd5d6]} 30. dxc7 Bxc7 31. Rxc7 Rxf5 32. Rxa7
Rh5 {[%csl Rh2] -/+/=/+_|_}) 28... Rg5 $8 (28... Rxa2 $4 29. dxc7 Bxc7 30. Rxc7
{[%csl Rf8][%cal Gc7c8]} Ke8 31. h4 {+/-/+-} (31. h3 $5)) 29. Rc5 Bb6 30. d7 $1
(30. dxc7 $2 Bxc7 31. h4 $17) 30... c6 31. h4 Rg4 32. Rxc6 Rf4+ 33. Kg2 Rxf5
34. Rxb6 Rd5 35. Rb7 $15) 27. a3 $5 $17 (27. h4 $143 h5 $17) (27. Rxf6 $2 Kg8
$19)) 26. Nh5+ $8 (26. Nf5+ $2 Kg6 27. Ne7+ Kg5 $19) 26... Kf8 $2 ({Right away
wins} 26... Kh6 $1 27. Nxf6 (27. g4 Kg5 $19) 27... Rxg2 $19) 27. g4 $1 $17 (27.
Nxf6 $2 Rxg2 28. Nxh7+ Kg7 (28... Ke7 $5) 29. Nf6 Rg6 $5 30. Nh5+ Kh6 31. Nf6
Kg5 $19) 27... Rxh2 28. Nxf6 Ke7 $5 ({Also possibly:} 28... h6 $5 29. Nd7+ Ke7
30. Nxb6 cxb6 31. Rc7+ Kd6 32. Rxa7 Kxd5 33. Rxf7 b5 {-/+_|_}) 29. g5 $1 Kd8
30. Rc4 a5 $5 (30... Ke7 31. Rc6 {-see 29.g5!}) 31. Kd1 $5 {[%csl Ga5,Yd1]
[%cal Gd1c1,Gc1b1]} (31. Re4 $2 Kc8 $19 {[%cal Gc8b7]}) 31... Ke7 32. Re4+ $5 (
32. Rc6 $143 a4 $1 33. d6+ $140 Kd8 34. Nd5 a3 $1 35. dxc7+ Bxc7 36. Rxc7 a2
37. Ra7 Rh1+ 38. Ke2 a1=Q 39. Rxa1 Rxa1 $19) 32... Kd6 33. Rc4 {(/\34.Rc6+)}
Ke5 $1 34. Rc6 {[%cal Gd5d6]} (34. Ng4+ $2 Kxd5 $19 {[%csl Rc4]}) 34... Rh4 {
[%cal Gh4d4]} 35. Kc2 Rd4 36. Kb3 a4+ 37. Ka3 Ba5 $1 $19 38. Rc2 $138 {White
lost on time in the hopeless position.See the following variations.} (38. Ka2
$6 Rd3 $19) (38. Nxh7 Kxd5 39. Ra6 (39. Rf6 $143 Bb4+ 40. Kb2 (40. Kxa4 $2 Be7+
{[%csl Rf6]}) 40... Rd2+ 41. Kc1 a3 $19) 39... Bd2 40. Nf6+ Ke5 $19) (38. Rc2
h6 $1 {[%csl Rf6,Yg5][%cal Gh6g5]} (38... Bb4+ $5 39. Kxa4 Be7+ 40. Kb5 Bxf6
41. gxf6 Rxd5+ 42. Kc6 Ke6 $5 $19) 39. Nh7 (39. gxh6 $143 Kxf6 40. Rh2 Bb4+ $5
41. Ka2 (41. Kxa4 $2 Bd6+ 42. Kb3 Bxh2) 41... Rd2+ 42. Rxd2 Bxd2 43. h7 Kg7 $19
) 39... h5 $19) 0-1

[Event "Scandic Hotels CC"]
[Site "Stockholm"]
[Date "1999.08.07"]
[Round "8"]
[White "Engqvist, Thomas"]
[Black "Wedberg, Tom Birger"]
[Result "0-1"]
[WhiteElo "2340"]
[BlackElo "2487"]
[Annotator "Mikhalevski,V"]
[PlyCount "128"]
[EventDate "1999.07.31"]
[EventType "tourn"]
[EventRounds "9"]
[EventCountry "SWE"]
[EventCategory "9"]
[SourceTitle "CBM 073"]
[Source "ChessBase"]
[SourceDate "1999.12.01"]
[SourceVersion "1"]
[SourceVersionDate "1999.12.01"]
[SourceQuality "1"]

1. e4 e5 2. Nf3 Nc6 3. Nc3 Nf6 4. d4 exd4 5. Nxd4 Bb4 6. Nxc6 bxc6 7. Bd3 O-O
8. O-O d5 9. exd5 cxd5 10. Bg5 c6 11. Qf3 Bd6 12. Bxf6 Qxf6 13. Qxf6 gxf6 14.
Rad1 {[%csl Gc8,Gd6,Rf6,Rf7,Rh7][%mdl 4096] Typical for this line endgame with
approximately equal chances as weaknesses on the king side are compensated by
pair of bishops.} (14. Ne2 {is the main line} c5 15. Rad1 Be6 16. b3 a5 17. a4
Rfd8 18. Bb5 Rac8 19. Rd2 c4 20. bxc4 dxc4 21. Rfd1 Be7 22. Rxd8+ Rxd8 23.
Rxd8+ Bxd8 24. Nf4 c3 {1/2-1/2 Fichtl,J-Kozma,J/Prague 1963/MCD (24)}) 14...
Rb8 (14... Be6 $5 15. b3 Rfd8 16. Ne2 c5 17. Ng3 Rab8 18. Bf5 Rb6 (18... Bxg3
19. fxg3 {[%csl Rf6,Rf7]}) 19. Rd3 Ra6 20. a4 Rb8 21. Rf3 Be5 22. Nh5 Bxf5 (
22... c4 $5) 23. Rxf5 c4 24. Rd1 cxb3 25. cxb3 Rb4 26. Rxd5 Kf8 27. f4 Bd4+ 28.
Kf1 Rc6 29. Rd8+ Ke7 30. Rfd5 {1-0 Hort,V-Portisch,L/Monte Carlo 1968/MCD (30)}
) (14... Be5 15. Na4) 15. b3 Re8 16. Ne2 Bg4 {[%mdl 32] This manoeuvre is also
typical for this kind of positions.Black provokes f3 in order to weaken the
a7-g1 diagonal for his black-squared bishop and after forced f3 retreats to e6.
} 17. f3 (17. Rfe1 {is met by} Bb4 18. c3 Bxe2 {winning a pawn}) 17... Be6 (
17... Bd7 18. Ng3 Re7 19. Rfe1 {1/2-1/2 Boronyak,A-Mikac,M/AUT 1996/EXT 99 (19)
}) 18. Nd4 $146 {Only this move is new.} ({Almost 40 years ago White has
stopped his choice on} 18. Ng3 a5 19. Nh5 {but after} Be5 {had to be satisfied
with equality 1/2-1/2 Fichtl,J-Padevsky,N/Leipzig 1960/EXT 99 (43)}) 18... Bd7
$5 (18... c5 $5 {deserved serious attention with approximately equal position
after} 19. Nxe6 (19. Nb5 Bf4 20. Nxa7 $140 $2 c4 $19 {[%csl Ra7,Rg1][%cal
Gf4e3]}) (19. Nf5 Bc7 {[%cal Gc7a5]}) 19... fxe6 {[%cal Gd6e5]}) 19. Bf5 $6 {
From the positional point of view exchange one of the Black's bishops is in
the White's favour,but if we look on the position concretely we can take
notice of the fact that second rank is weakened and accessible for a black
rook and after almost forced} Bxf5 20. Nxf5 Bc5+ {White has to decide either
he pins himself by means of} 21. Nd4 {in order to meet Re2 with 22.Rf2 or} ({
plays} 21. Kh1 $5 {and after} Re2 22. Rfe1 {with counterplay thanks to the
strong knight on f5.That was my first impression.If we check it with the aid
of computer we'll see that not everything is so simple.At the very beginning
it thinks that the position is equal after} Rbe8 $1 23. Rxe2 Rxe2 24. c4 dxc4
$1 25. Rd8+ (25. bxc4 h5 $15) 25... Bf8 26. Nh6+ Kg7 (26... Kh8 27. g4 c3 28.
Nf5 Kg8 29. Nh6+ Kg7 30. Nf5+ Kg6 31. Rxf8 Kg5 {see 26...Kg7}) 27. Nf5+ {
is Fritz right?No.Just make few more move and it will realize that Black is
better.} Kg6 $1 (27... Kg8 28. Nh6+) 28. g4 c3 29. Rxf8 {[%cal Gf8g8]} (29. f4
$2 {[%cal Gf5h4]} c2 $1 30. Nh4+ Kg7 31. Nf5+ Kg8 32. Nh6+ Kh8 $1 $19) 29...
Kg5 {Black's king finds the way out just in time and White has to look for
escape:} 30. Nd4 (30. Ng3 $2 Re6 $19) (30. Rc8 c2 31. Rxc6 Re1+ 32. Kg2 c1=Q
33. Rxc1 Rxc1 34. Kg3 Rg1+ 35. Kf2 Ra1 $17) 30... Rd2 31. Rc8 c2 32. Nxc2 Rxc2
$15 {Here we can finally stop and come to conclusion that 19.Bf5?! leads to
the Black's advantage in all lines.}) 21... Re3 22. Kh1 $6 (22. Nxc6 $5 {
Probably White should take on c6 and it's not simple to prove Black's
superiority.} Rxf3+ (22... Rc8 23. b4 Rxc6 24. bxc5 Rxc5 {with slightly better
for Black endgame}) (22... Re2+ $6 23. Nd4 Rxc2 24. Rf2) 23. Nd4 $1 (23. Kh1 $2
Rxf1+ 24. Rxf1 Rc8 {[%csl Rc6]} 25. b4 $8 (25. Rxf6 $2 Kg7) (25. Na5 $2 Bb4 26.
Nb7 Rxc2) 25... Rxc6 26. bxc5 Rxc5 $17 {[%csl Ra2,Rc2]}) 23... Rc3 24. Rf5 Rxc2
25. Rxd5 Bxd4+ 26. R1xd4 Rxa2 27. Ra4 $1 {with good chances for a draw.}) 22...
Rc8 23. h3 $6 ({It was interesting to try} 23. c4) 23... Rc3 (23... Kf8 $5) 24.
Rf2 Re8 $1 25. Rdd2 $6 {[%mdl 16384] It wasn't necessary to weaken first rank.}
(25. g4 $142) 25... Re1+ 26. Kh2 Rc1 (26... h5 $5) 27. Rfe2 $1 Bd6+ $1 ({
But not} 27... Bxd4 $6 28. Rxd4 R3xc2 $140 $4 29. Re8+ Kg7 30. Rg4+ Kh6 31.
Reg8 {[%cal Gg4h4]} Kh5 32. Kg3 $18 {[%cal Gg4h4]}) 28. g3 Be5 29. Nf5 $1 Rxf3
30. Ne7+ Kf8 31. Nxc6 Bxg3+ (31... Bc7 $142 $1 $15 {Black has forgotten one of
the important chess principles:threat is stonger than its execution.}) 32. Kg2
Rc3 33. Rxd5 (33. Nxa7 $5 {[%cal Ga7b5]}) 33... Bc7 $1 (33... Rxc6 34. Kxg3
R1xc2 35. Rxc2 Rxc2 36. Ra5 Rc7 $11) 34. Nd4 (34. Nxa7 R1xc2 35. Red2 $13)
34... Rg3+ (34... Bb6 $5 {[%csl Rc2]}) 35. Kf2 Rxh3 36. Nf3 $1 Bb6+ 37. Kg2 Rh6
{[%csl Rg2][%cal Gh6g6]} 38. Ne1 $5 (38. Kg3 $6 Rg6+ 39. Kf4 Bc7+ 40. Kf5 Rf1
41. Rd3 (41. Re3 $142) 41... Rg3 42. Ree3 Bb6 $19) 38... Rg6+ 39. Kf3 Rg5 (
39... Rg1 $5) 40. Rd7 Rf5+ 41. Kg4 Rg5+ (41... Re5 $5 {was interesting with
the idea of} 42. Rxe5 fxe5 43. Nd3 Ke8 $1) 42. Kf3 Rg1 43. Ng2 Rh1 44. Ne3 Rh3+
45. Ke4 Rg1 46. Nc4 Rg5 $5 47. Red2 (47. Nxb6 Re5+) 47... Rh4+ 48. Kf3 Rf5+ 49.
Ke2 $8 (49. Kg3 $2 Rh6 50. Kg4 Rf1 $19) 49... Bc5 50. c3 h5 51. Rc7 Rh3 $1 52.
b4 Rxc3 53. bxc5 Rxc4 54. Rdd7 (54. c6 Rfc5 55. Rdd7 Kg7) 54... Kg7 $1 55.
Rxf7+ Kg6 56. Rg7+ Kh6 57. c6 Rfc5 58. Rh7+ $6 ({After} 58. Rxa7 Rxc6 {the
endgame is not drawish as pair of black rooks creates very unpleasant threats
to the White's monarch.} 59. Rh7+ Kg5 60. Rag7+ Kh4 $17) 58... Kg5 59. Rcg7+ $6
Kf4 60. c7 a5 61. Kd3 (61. Rf7 $5) 61... Rc1 62. Kd4 R5c2 (62... Rc6 $5) 63.
Kd5 $2 $19 {[%mdl 8192] loses at once} (63. Kd3 {was necessary and despite
Black is much better he has to be precise to win the game.}) 63... Rd2+ 64. Ke6
Rc6+ (64... Rc6+ 65. Kf7 Rxc7+ 66. Kxf6 $140 Rd6#) 0-1

[Event "ISR-ch op"]
[Site "Ramat Aviv"]
[Date "1999.04.04"]
[Round "5"]
[White "Maryasin, Boris Feliksovich"]
[Black "Mikhalevski, Victor"]
[Result "1-0"]
[WhiteElo "2394"]
[BlackElo "2531"]
[Annotator "Mikhalevski,V"]
[PlyCount "47"]
[EventDate "1999.03.28"]
[EventType "swiss"]
[EventRounds "9"]
[EventCountry "ISR"]
[SourceTitle "CBM 070"]
[Source "ChessBase"]
[SourceDate "1999.06.08"]
[SourceVersion "1"]
[SourceVersionDate "1999.06.08"]
[SourceQuality "1"]

1. e4 e5 2. Nf3 Nc6 3. Nc3 Nf6 4. g3 {Glek's favourite move is getting popular.
} Bb4 5. Bg2 O-O (5... Bxc3 6. dxc3 (6. bxc3 $146 Nxe4 7. Nxe5 Nxc3 $4 (7...
Qf6 8. Bxe4 Qxe5 9. O-O $14) (7... Nxe5 8. Bxe4 d5 $11 9. Bg2 Bg4 $5 10. f3 Bc8
11. O-O (11. d4 Nc4 12. Qe2+ (12. O-O O-O $11) 12... Be6 13. O-O O-O $11) (11.
Qe2 O-O) 11... O-O 12. f4 Bg4 13. Qe1 Nc4 14. Qf2 Re8 $132) 8. Nxc6 Nxd1 9.
Nxd8 $18) 6... d6 7. Nh4 (7. Bg5 h6 8. Bxf6 Qxf6 $11 {Glek,I-Adams,M/BL 1995/1/
2-1/2 (59)}) 7... h6 8. Nf5 Bxf5 9. exf5 Qd7 10. g4 O-O-O $132 {Glek,I-Piket,J/
NLD-chT 1995/1/2-1/2 (47)}) 6. O-O (6. d3 Bxc3+ 7. bxc3 d6 8. Rb1 $14) 6...
Bxc3 7. bxc3 (7. dxc3 d6 (7... Nxe4 8. Re1 (8. Nxe5 Nxe5 9. Bxe4 d6 10. f4 Ng4
(10... Nd7) 11. f5 Nf6 12. Bg2 Re8 $11 {1-0 Glek,I-Grabarczyk,M/Katowice op
1992 (39)}) 8... Nf6 9. Nxe5 Nxe5 10. Rxe5 d6 11. Re1 Re8 {+/=/=}) 8. Nh4 {
/\->>>} Be6 (8... Ne8 {/\g6,Ng7,f6,Be6}) 9. f4 {/\f5,g4 ->K} exf4 (9... Bg4 10.
Qe1 exf4 11. Bxf4 $14) 10. Bxf4 (10. gxf4 {Ftacnik} Nxe4 $1 11. Qh5 f5 $17)
10... Ng4 {Ne5 [+]} 11. Nf5 Nge5 (11... Bxf5 12. exf5 {+/=/+/- ^^,/^h1-a8}) 12.
g4 f6 (12... g6 {Ftacnik} 13. Ne3 Qd7 14. g5 f6 15. Nd5 $36) 13. h3 Qd7 14. b3
Rae8 (14... Rad8 {Ftacnik} 15. Qd2 d5 16. Bxe5 fxe5 17. exd5 Bxd5 18. Rad1 Be6
19. Qxd7 Bxd7 20. Bxc6 Bxc6 21. Ne7+ Kh8 22. Rxd8 Rxd8 23. Nxc6 bxc6 24. Rf7
$16) 15. Bg3 Nf7 {/\Ng5 קe4} 16. Qd2 Ng5 (16... Nce5 {Ftacnik} 17. Rad1 $14)
17. Rae1 $11 {1-0 Glek,I-Rozentalis,E/Bonn GSK 1994 (25)}) 7... Nxe4 8. Nxe5
Nxe5 9. Bxe4 d5 10. Bg2 d4 (10... Re8 11. d3 c6 (11... c5 12. h3 Nc6 13. Qf3
Be6 $11) 12. h3 Qf6 (12... Qa5 $11) (12... f6 $5 13. a4 Be6 14. a5 (14. f4 Qb6+
15. Kh2 Nd7 16. a5 $6 Qc5 17. Bd2 (17. Qd2 Bf7 18. a6 b5 19. Ba3 Qb6 20. Bb2
Qe3 21. Qxe3 Rxe3 22. Rfe1 Rxe1 23. Rxe1 Nc5 24. Ra1 Na4 25. Ra2 Re8 $17) 17...
Re7 18. d4 Qb5 19. f5 Bf7 20. Rb1 Qa6 21. Qg4 Kh8 22. Rfe1 Rxe1 23. Rxe1 Re8
24. Rb1 b6 25. axb6 axb6 26. Re1 Rxe1 27. Bxe1 $11) 14... Qd7 15. Kh2 Nf7 16.
Bf4 Nd6 17. Qb1 (17. Re1 $11) 17... Nb5 18. Qb2 Re7 (18... Rac8 $6 {1/2-1/2
Glek,I-Kortschnoj,V/Wijk aan Zee 1997/CBM 57/[Tsesarsky] (76)}) 19. Rfe1 Rae8
20. Rab1 $11) 13. Be3 Ng6 14. Qd2 Qd6 15. f4 Nf8 16. Kh2 Bd7 17. f5 f6 18. Bf4
Qe7 19. Rfe1 Qa3 20. Reb1 Bxf5 21. Rxb7 $14 {1/2-1/2 Soto Paez,O-Kosashvili,Y/
Elista 1998/CBM 66 ext (53)}) (10... Bg4 $5 11. f3 Bc8 12. h3 (12. d3 Re8 13.
h3 c5 14. f4 (14. d4 Nc4 15. dxc5 Qc7 (15... Be6 16. f4 Qd7 17. f5 Bxf5 18.
Qxd5 Qxd5 19. Bxd5 Be6 20. Bxb7 Bxh3 21. Bxa8 Bxf1 22. Bd5 Be2 23. Rb1 $16) 16.
f4 Ne3 17. Re1 (17. Qe1 Qxc5 18. Kh1 Bxh3 $1 $19) 17... Bg4 $1 18. Qd3 Nxg2 (
18... Bf5 $4 19. Qe2 $18) 19. Rxe8+ Rxe8 20. hxg4 Ne1 21. Qxd5 Nxc2 22. Rb1
Re1+ 23. Kh2 Ne3 24. Qxb7 Nxg4+ 25. Kh3 Qxb7 26. Rxb7 h5 27. Ba3 Ne3 28. Rb2
Rh1+ 29. Rh2 Rg1 30. Rd2 (30. c6 Nf5 31. Rg2 Rh1+ 32. Rh2 Rg1 $11) 30... Rh1+
31. Rh2 $11) 14... Nc6 15. Qf3 d4 $11) 12... Re8 13. f4 Nc4 14. Re1 (14. d3 Ne3
$11) 14... Rxe1+ 15. Qxe1 c6 16. d3 Nd6 17. Be3 Be6 $11 {Tsesarsky}) 11. d3 $1
$146 {Very nice idea I have missed playing 10...d4.White prevents d4-d3 and in
case of 11...dc drives out Black's knight by 11.d4} ({Original game continued
as following:} 11. h3 d3 $1 12. f4 Nc4 13. cxd3 Qxd3 14. Rf3 Qd6 15. d3 Bf5 16.
Qf1 Na5 17. g4 Be6 18. c4 Bd7 19. Bd2 Bc6 20. Rf2 Bxg2 21. Kxg2 Nc6 22. Bc3
Rfe8 23. Rb1 b6 24. Rb5 $13 {1/2-1/2 Reefschlaeger,H-Xie Jun/Bad Wiessee 1997/
CBM 61 ext (54)}) 11... dxc3 12. d4 $1 Nc4 $1 {Black moves his knight to b6 in
order to blockade White's position by means of c6 and Be6.} ({After} 12... Nc6
13. d5 Ne7 14. Ba3 {White develops dangerous initiative}) 13. Qd3 Nb6 14. Re1
$1 {Another strong idea.White makes Black's task more difficult preventing on
the way 14...Nd5} Be6 $4 {[%mdl 8192] Surprising eclipse.} (14... c6 $8 {
was necessary} 15. Qxc3 Be6 {[%cal Ge6d5]} 16. a4 $5 a5 $1 17. Rb1 (17. Bb2 Bd5
) (17. Qb2 Ra7 $1 18. Bg5 Nc4 $1 (18... Qc7 19. Bf4 Qd8) 19. Bxd8 Nxb2 20. Bb6
Raa8 {[%cal Gb2c4]} 21. Bc5 Rfb8 22. Reb1 Nc4 {[%cal Gb7b6,Ge6d5]}) (17. Ba3
Nxa4) 17... Nxa4 18. Qa1 Nb6 19. Qb2 Nc4 20. Qxb7 Bd5 {in all cases Black
keeps the position.}) (14... Nd5 $4 15. Ba3 $1 Re8 16. Rxe8+ Qxe8 17. Bxd5) 15.
Ba3 $1 Re8 16. Bxb7 $18 {Only now I understood that bishop can retreat with
tempo.} Nd5 {A sad attempt of blockade.} ({Maybe} 16... Rb8 17. Bc6 {This
simple move had been fully overlooked.} Bd7 18. Qxc3 $1 {was better,but an
evalution of this position doesn't raise any doubts.}) 17. Re5 $1 {[%cal Ga1e1]
Finally breaks coordination of black pieces.} Rb8 18. Bc6 Rb6 {What else?} 19.
Bxe8 Qxe8 20. Rae1 {[%cal Ge5d5]} Qd7 21. Bc5 Rb2 22. a3 $1 (22. Bxa7 g6 (22...
Rxa2 23. Qc4 Rxa7 24. Qxd5)) 22... g6 23. h4 $1 {[%csl Rg8][%cal Gh4h5] Now
straight attack decides.Black is defenceless against h5,hg and R:e6 or h5,h6;
Qf3,R:d5,Qf6} Qa4 24. Qf3 $1 {[%cal Gf3f8,Re5e6,Re5d5]} 1-0